Гендерна асиметрія та її місце у мовленні, перекладі та матеріалах ЗМІ (Запис № 284274)
[ простий вигляд ]
| 000 -LEADER | |
|---|---|
| fixed length control field | 01720nam a22001577a 4500 |
| 041 ## - LANGUAGE CODE | |
| Language code of text/sound track or separate title | ukr |
| 080 ## - UNIVERSAL DECIMAL CLASSIFICATION NUMBER | |
| Universal Decimal Classification number | 09 |
| 090 ## - LOCALLY ASSIGNED LC-TYPE CALL NUMBER (OCLC); LOCAL CALL NUMBER (OCLC) | |
| Local cutter number (OCLC) ; Book number/undivided call number, CALL (RLIN) | ОЛІ |
| 100 ## - MAIN ENTRY--PERSONAL NAME | |
| Personal name | Олійник А.В. |
| 245 ## - TITLE STATEMENT | |
| Title | Гендерна асиметрія та її місце у мовленні, перекладі та матеріалах ЗМІ |
| 260 ## - PUBLICATION, DISTRIBUTION, ETC. (IMPRINT) | |
| Place of publication, distribution, etc | Остог |
| Name of publisher, distributor, etc | КАФ |
| Date of publication, distribution, etc | 2010 |
| 300 ## - PHYSICAL DESCRIPTION | |
| Extent | 55 |
| 520 ## - SUMMARY, ETC. | |
| Summary, etc | ВСТУП<br/>РОЗДІЛ 1 ГЕНДЕР ТА ЙОГО ОСОБЛИВОСТІ<br/>1.1 Становлення теорії гендеру.<br/>1.1.1 Звязок гендеру з мовою.<br/>1.1.2 Мовний сексизм.<br/>1.2 Особливості та проблеми міжстатевого спілкування.<br/>1.2.1 Гендерні особливості жіночого спілкування.<br/>1.2.2 Гендерні особливості спілкуванння чоловіків.<br/>РОЗДІЛ 2 ГЕНДЕРНІ АСИМЕТРІЯ У РІЗНИХ СФЕРАХ ЖИТТЯ<br/>2.1 Гендерна асиметрія та ЗМІ.<br/>2.1.1 Гендерна асиметрія та телебачення.<br/>2.1.2 Гендерна нерівність у пресі та рекламі.<br/>2.2 Гендер у перекладознавстві.<br/>2.2.1 Гендер у перекладі: історичний розвиток та основні проблеми.<br/>2.2.2 Гендерні особливості перекладу.<br/>РОЗДІЛ 3 ГЕНДЕРНА АСИМЕТРІЯ У ЗМІ<br/>3.1 Аналіз підсвідомого добору слів.<br/>3.2 Гендерна асиметрія на сторінках преси.<br/>ВИСНОВКИ |
| -- | гендерна асиметрія, ЗМІ |
| 650 ## - SUBJECT ADDED ENTRY--TOPICAL TERM | |
| Topical term or geographic name as entry element | Research Papers |
| 942 ## - ADDED ENTRY ELEMENTS (KOHA) | |
| Koha item type | Книги |
| Withdrawn status | Lost status | Source of classification or shelving scheme | Damaged status | Not for loan | Home library | Current library | Date acquired | Source of acquisition | Cost, normal purchase price | Total Checkouts | Full call number | Barcode | Date last seen | Price effective from | Koha item type |
|---|---|---|---|---|---|---|---|---|---|---|---|---|---|---|---|
| Universal Decimal Classification | ВІЛ - Відділ іноземн. літератури НБ | ВІЛ - Відділ іноземн. літератури НБ | 16/04/2009 | Акт №1 | 1.00 | 09 | 213858 | 20/12/2021 | 16/04/2009 | Книги |